000 00401nam a2200157 a 4500
008 990412s1988||||xx 0 und c
040 _aSNK
_bslo
_cSNK
_eAACR2
100 1 _aKuťáková, Eva
245 1 0 _aMoudrost věků
_bLexikon latinských výroků, přísloví a rčení
260 _aPraha
_bSvoboda
_c1988
300 _a661 s.
020 _c35
041 _acze
041 _alat
044 _aCZ
999 _c16887
_d16887